000 00424pab a2200157 454500
008 180718b2015 xxu||||| |||| 00| 0 eng d
100 _aPathak, K.N.
245 _aRespondent, a key factor in national-level surveys: an analysis (notes)
260 _c2015
300 _ap.71-74.
362 _a3 Oct
650 _aStatistical data
700 _aTomar, J.S.
773 _aEconomic and Political Weekly
909 _a109164
999 _c109159
_d109159